| 000 | 00403nam a22001217a 4500 | ||
|---|---|---|---|
| 008 | 230602b xxu||||| |||| 00| 0 eng d | ||
| 020 | _a9789966190024 | ||
| 082 |
_a328.307 _bCPST |
||
| 245 |
_aInformation, communication and public participation and outreach for the legislature _bA manual for the centre for parliamentary studies and training |
||
| 260 | _aNairobi, kenya | ||
| 300 | _a202p | ||
| 942 |
_2ddc _cBK |
||
| 999 |
_c76 _d76 |
||